[Event "Frankfurt Ch A 2016"]
[Site "Ffm-Höchst, BiKuZ"]
[Date "2016.06.13"]
[Round "7.5"]
[White "Reschke, Thomas"]
[Black "Schwenkreis, Thomas"]
[Result "1-0"]
[WhiteElo "2048"]
[BlackElo "2001"]
[PlyCount "89"]
[EventDate "2016.??.??"]
[WhiteTeam "SC Frankfurt-West"]
[BlackTeam "SV Oberursel"]

1. c4 Nf6 2. g3 d6 3. Bg2 e5 4. Nc3 c6 5. e4 Be7 6. Nge2 Bg4 7. d3 O-O 8. O-O
Qc8 9. Rb1 Bh3 10. b4 Bxg2 11. Kxg2 Rd8 12. f4 Nbd7 13. h3 d5 14. cxd5 cxd5 15.
fxe5 Nxe5 16. d4 dxe4 17. Qb3 Nc4 18. b5 b6 19. Nd1 Na5 20. Qb2 Nd5 21. Bd2 Qb7
22. Bxa5 bxa5 23. Qb3 Bf6 24. Ne3 Nxe3+ 25. Qxe3 Rac8 26. Rb2 h6 27. Rf4 Re8
28. h4 Rcd8 29. a4 Re6 30. Rc2 Kh7 31. Rc6 Rxc6 32. Qxe4+ Kg8 33. bxc6 Qc8 34.
d5 Qb8 35. Rf1 Re8 36. Rb1 Qc8 37. Qf3 Be7 38. Rb7 f5 39. Nf4 Bd6 40. Ne6 Re7
41. Rxe7 Bxe7 42. Qxf5 Bd6 43. Nxg7 Qa6 44. Ne6 Qe2+ 45. Kh3 1-0

[Event "Frankfurt Ch A 2016"]
[Site "Ffm-Höchst, BiKuZ"]
[Date "2016.06.13"]
[Round "7.6"]
[White "Calvi, Stefan"]
[Black "Reschke, Stefan"]
[Result "0-1"]
[WhiteElo "1974"]
[BlackElo "2215"]
[PlyCount "82"]
[EventDate "2016.??.??"]
[WhiteTeam "SF Frankfurt"]
[BlackTeam "SV Oberursel"]

1. e4 c5 2. c3 e6 3. d3 d5 4. Nd2 Nc6 5. Ngf3 Nf6 6. g3 Be7 7. Qe2 b6 8. Bg2
Ba6 9. e5 Nd7 10. O-O Qc7 11. Re1 g5 12. g4 h5 13. h3 hxg4 14. hxg4 O-O-O 15.
Nf1 Rdg8 16. Bd2 Rg6 17. b4 c4 18. d4 Kb8 19. a4 Bc8 20. Bc1 Qd8 21. Ba3 Qf8
22. b5 Na5 23. Bxe7 Qxe7 24. Ne3 Bb7 25. Nc2 Rc8 26. Nb4 Rgg8 27. Qe3 Nf8 28.
Kf1 Ka8 29. Ke2 Ng6 30. Rh1 Nf4+ 31. Kf1 Rh8 32. Rxh8 Rxh8 33. Ng1 Nb3 34. Ra2
Qf8 35. Bf3 Rh4 36. Bd1 Qh6 37. Bxb3 cxb3 38. Rb2 Rxg4 39. f3 Rg3 40. Qf2 Qh4
41. Rxb3 Nh3 0-1

[Event "Frankfurt Ch A 2016"]
[Site "Ffm-Höchst, BiKuZ"]
[Date "2016.06.13"]
[Round "7.7"]
[White "Uwira, Oliver"]
[Black "Kolker, Vladislav"]
[Result "1-0"]
[WhiteElo "2236"]
[BlackElo "1957"]
[PlyCount "51"]
[EventDate "2016.??.??"]
[WhiteTeam "SC Nied"]
[BlackTeam "SC Bad Nauheim"]

1. d4 d5 2. c4 e6 3. Nc3 c5 4. cxd5 cxd4 5. Qa4+ Bd7 6. Qxd4 exd5 7. Qxd5 Nc6
8. e3 Nf6 9. Qd1 Bc5 10. a3 Qe7 11. Nf3 g5 12. Be2 g4 13. Nd4 h5 14. Ndb5 Qe5
15. b4 Nxb4 16. axb4 Bxb4 17. Bd2 Rc8 18. Rc1 a6 19. Nd4 h4 20. Qb3 Qa5 21. O-O
Bxc3 22. Bxc3 Qg5 23. Qxb7 g3 24. Nf3 gxh2+ 25. Kh1 Qf5 26. Bxf6 1-0

[Event "Frankfurt Ch A 2016"]
[Site "Ffm-Höchst, BiKuZ"]
[Date "2016.06.13"]
[Round "7.8"]
[White "Stockmann, Michael"]
[Black "Budde, Michael"]
[Result "1-0"]
[WhiteElo "2189"]
[BlackElo "1934"]
[PlyCount "69"]
[EventDate "2016.??.??"]
[WhiteTeam "SF Schöneck"]
[BlackTeam "SC Flörsheim"]

1. d4 Nf6 2. Nf3 g6 3. g3 Bg7 4. Bg2 d6 5. O-O O-O 6. b3 c6 7. Bb2 Na6 8. Nbd2
Nc7 9. e4 Bg4 10. h3 Bxf3 11. Qxf3 Nd7 12. Rad1 c5 13. Nc4 b5 14. Na5 Ne6 15.
Nc6 Qe8 16. e5 cxd4 17. exd6 exd6 18. Qd5 d3 19. Bxg7 dxc2 20. Bxf8 cxd1=Q 21.
Rxd1 Nexf8 22. Ne7+ Qxe7 23. Qxa8 Nb6 24. Qe4 Qxe4 25. Bxe4 f5 26. Bc6 d5 27.
Bxd5+ Kg7 28. Bc6 b4 29. Rd4 a5 30. Rd8 Ne6 31. Rb8 a4 32. Rb7+ Kf6 33. Rxb6
axb3 34. Bd5 b2 35. Rxe6+ 1-0

[Event "Frankfurt Ch A 2016"]
[Site "Ffm-Höchst, BiKuZ"]
[Date "2016.06.13"]
[Round "7.9"]
[White "Breitwieser, Jasmin"]
[Black "Felmy, Benjamin"]
[Result "0-1"]
[WhiteElo "1940"]
[BlackElo "2075"]
[PlyCount "84"]
[EventDate "2016.??.??"]
[WhiteTeam "SF Frankfurt"]
[BlackTeam "SC Bad Soden"]

1. d4 d5 2. c4 e6 3. cxd5 exd5 4. Nc3 c6 5. Nf3 Bf5 6. Bg5 Be7 7. Bxe7 Qxe7 8.
e3 Nf6 9. Be2 Nbd7 10. Qa4 h6 11. b4 O-O 12. O-O a6 13. Qb3 b5 14. a4 Nb6 15.
Ne5 Qd6 16. Ra2 Nfd7 17. Nxd7 Qxd7 18. Rfa1 Qb7 19. Bf3 Bd3 20. Rd2 Bc4 21. Qb1
Qe7 22. a5 Nd7 23. e4 Nf6 24. e5 Ne8 25. Qb2 Nc7 26. Re1 Ne6 27. g3 f5 28. Nd1
f4 29. Bg4 Ng5 30. Nc3 Rf7 31. h4 Ne6 32. Ne2 Raf8 33. Bh5 Rf5 34. Bg6 fxg3 35.
Nxg3 Rf3 36. h5 Qg5 37. Qc1 Qg4 38. Qd1 Nf4 39. e6 Nxe6 40. Bf5 Rxg3+ 41. fxg3
Qxf5 42. g4 Qf6 0-1

[Event "Frankfurt Ch A 2016"]
[Site "Ffm-Höchst, BiKuZ"]
[Date "2016.06.13"]
[Round "7.10"]
[White "Zweschper, Erich"]
[Black "Kuhn, Gerhard"]
[Result "1/2-1/2"]
[WhiteElo "2036"]
[BlackElo "1901"]
[PlyCount "30"]
[EventDate "2016.??.??"]
[WhiteTeam "SVG Eppstein"]
[BlackTeam "SK Marburg"]

1. d4 Nf6 2. c4 g6 3. f3 d5 4. cxd5 Nxd5 5. e4 Nb6 6. Nc3 Bg7 7. Be3 Nc6 8. Bb5
Bd7 9. Nge2 e6 10. Qd2 a6 11. Bd3 Nb4 12. a3 Nxd3+ 13. Qxd3 Qe7 14. Rd1 O-O 15.
O-O Rfd8 1/2-1/2

[Event "Frankfurt Ch A 2016"]
[Site "Ffm-Höchst, BiKuZ"]
[Date "2016.06.13"]
[Round "7.11"]
[White "Egenolf, Dirk"]
[Black "Medvedovski, Michael"]
[Result "1/2-1/2"]
[WhiteElo "1911"]
[BlackElo "1995"]
[PlyCount "65"]
[EventDate "2016.??.??"]
[WhiteTeam "SK Niederbrechen"]
[BlackTeam "Frankfurter TV"]

1. e4 c5 2. Nf3 Nc6 3. d3 e5 4. g3 Be7 5. Bg2 d6 6. O-O f5 7. c3 Nf6 8. Nh4
fxe4 9. dxe4 Be6 10. Nf5 O-O 11. Nxe7+ Qxe7 12. Na3 a6 13. Nc2 Rad8 14. Ne3 Qf7
15. Nd5 Ne7 16. Nxf6+ Qxf6 17. f4 Bc4 18. Rf3 exf4 19. Rxf4 Qe6 20. b3 Bb5 21.
Rxf8+ Kxf8 22. c4 Bc6 23. Qe1 Ng6 24. Bb2 Kg8 25. Rd1 Ne5 26. Bxe5 Qxe5 27. Qe3
Rf8 28. Qd2 Rf6 29. Re1 Qh5 30. Rf1 Rxf1+ 31. Kxf1 Bd7 32. Qd5+ Qxd5 33. cxd5
1/2-1/2

[Event "Frankfurt Ch A 2016"]
[Site "Ffm-Höchst, BiKuZ"]
[Date "2016.06.13"]
[Round "7.12"]
[White "Beinrucker, Clemens"]
[Black "Sachse, Günter"]
[Result "0-1"]
[WhiteElo "1899"]
[BlackElo "1989"]
[PlyCount "72"]
[EventDate "2016.??.??"]
[WhiteTeam "SK Niederbrechen"]
[BlackTeam "SK Langen"]

1. e4 c5 2. Nc3 e6 3. f4 g6 4. Nf3 Bg7 5. g3 Nc6 6. Bg2 Nge7 7. O-O d6 8. d3
O-O 9. Ne2 Rb8 10. g4 f5 11. exf5 exf5 12. g5 b5 13. Ng3 Be6 14. h4 Bf7 15. h5
Qc7 16. hxg6 hxg6 17. Rb1 Bxa2 18. Ra1 Bf7 19. Kh2 a5 20. Rh1 a4 21. Kg1 d5 22.
Ne2 d4 23. Qe1 Rfe8 24. Qh4 Nd5 25. Kf2 Kf8 26. Qh7 Ncb4 27. Nh4 Rb6 28. Bxd5
Nxd5 29. Bd2 Rbe6 30. Ng3 Nxf4 31. Nhxf5 gxf5 32. Nxf5 Re2+ 33. Kf1 Bd5 34.
Nxg7 Qxg7 35. Qf5+ Kg8 36. Bxf4 Bxh1 0-1

[Event "Frankfurt Ch A 2016"]
[Site "Ffm-Höchst, BiKuZ"]
[Date "2016.06.13"]
[Round "7.13"]
[White "Nagelsdiek, Ralf"]
[Black "Beinrucker, Markus"]
[Result "1-0"]
[WhiteElo "1983"]
[BlackElo "1824"]
[PlyCount "81"]
[EventDate "2016.??.??"]
[WhiteTeam "SC Bad Soden"]
[BlackTeam "SK Niederbrechen"]

1. c4 c5 2. g3 Nc6 3. Bg2 g6 4. Nc3 Bg7 5. Rb1 d6 6. a3 a5 7. b3 Nh6 8. e4 f5
9. Nge2 O-O 10. O-O Nd4 11. d3 Nf7 12. exf5 Nxf5 13. Nb5 Bd7 14. Nf4 e5 15. Nd5
Bc6 16. Nbc7 Bxd5 17. Nxd5 Rb8 18. Nc3 Ng5 19. Bd5+ Kh8 20. h4 Nh3+ 21. Kg2
Nf4+ 22. gxf4 Nxh4+ 23. Kh2 exf4 24. Ne4 Rf5 25. Rh1 Rg5 26. Nxg5 Qxg5 27. Bb2
Bxb2 28. Rxb2 f3 29. Qg1 Qh6 30. Qc1 Qg7 31. Re1 Rf8 32. Rb1 Nf5 33. Re4 g5 34.
Qb2 Nd4 35. Rxd4 cxd4 36. Re1 Qh6+ 37. Kg1 Rf4 38. Re8+ Kg7 39. Rg8+ Kf6 40.
Bxf3 g4 41. Bg2 1-0

[Event "Frankfurt Ch A 2016"]
[Site "Ffm-Höchst, BiKuZ"]
[Date "2016.06.13"]
[Round "7.14"]
[White "Göbel, Andreas"]
[Black "Schmidt, Markus"]
[Result "0-1"]
[WhiteElo "1864"]
[BlackElo "2013"]
[PlyCount "36"]
[EventDate "2016.??.??"]
[WhiteTeam "SC Brett vorm Kopp"]
[BlackTeam "SK Turm Bad Hersfeld"]

1. Nf3 c5 2. g3 g6 3. Bg2 Bg7 4. O-O Nc6 5. d3 d5 6. c3 Nf6 7. Qa4 O-O 8. Qh4
e5 9. Bg5 Qd6 10. Nbd2 Nh5 11. e4 h6 12. Bxh6 Bxh6 13. g4 Bxd2 14. gxh5 Bf4 15.
hxg6 fxg6 16. exd5 Ne7 17. Ng5 Bxg5 18. Qxg5 Bf5 0-1

[Event "Frankfurt Ch A 2016"]
[Site "Ffm-Höchst, BiKuZ"]
[Date "2016.06.13"]
[Round "7.15"]
[White "Gräbner, Walter"]
[Black "Hochmuth, Christian"]
[Result "1/2-1/2"]
[WhiteElo "1949"]
[BlackElo "1839"]
[PlyCount "93"]
[EventDate "2016.??.??"]
[WhiteTeam "SC Nied"]
[BlackTeam "SG Wächtersbach"]

1. d4 Nf6 2. Nf3 g6 3. Bf4 Bg7 4. e3 O-O 5. c3 d5 6. Bd3 c6 7. Nbd2 Bg4 8. Qc2
Nbd7 9. Ne5 Nxe5 10. Bxe5 Nd7 11. Bxg7 Kxg7 12. h3 Be6 13. f4 f5 14. Nf3 Nf6
15. Ne5 Nd7 16. Nxd7 Qxd7 17. O-O Rac8 18. c4 dxc4 19. Bxc4 Bxc4 20. Qxc4 Qd5
21. Rac1 Qxc4 22. Rxc4 Rfd8 23. Rfc1 Rd5 24. b4 Rcd8 25. Rc5 a6 26. a4 Kf7 27.
Kf2 Ke6 28. Ke2 R8d7 29. g4 h6 30. Rg1 fxg4 31. Rxg4 Kf6 32. Kf3 e6 33. Rg1 Kf7
34. Rd1 Kf6 35. h4 Rd8 36. Rc4 Rg8 37. e4 Rd7 38. b5 axb5 39. axb5 cxb5 40. Rb4
Ra8 41. Ke3 Ra3+ 42. Rd3 Ra1 43. Rxb5 Rh1 44. Rb6 Ke7 45. Rdb3 Rxh4 46. R3b4
Rh3+ 47. Ke2 1/2-1/2

[Event "Frankfurt Ch A 2016"]
[Site "Ffm-Höchst, BiKuZ"]
[Date "2016.06.13"]
[Round "7.16"]
[White "Cors, Heinz-Friedrich"]
[Black "Kellerwessel, Ralf"]
[Result "0-1"]
[WhiteElo "1857"]
[BlackElo "1923"]
[PlyCount "84"]
[EventDate "2016.??.??"]
[WhiteTeam "Schachforum Darmstadt"]
[BlackTeam "SC Bad Soden"]

1. e4 e5 2. Bc4 Nf6 3. d3 c6 4. Nf3 Be7 5. Bb3 O-O 6. O-O d6 7. Re1 Nbd7 8. c3
Qc7 9. Nbd2 Nc5 10. Bc2 Bd7 11. Nf1 Rad8 12. Ng3 Rfe8 13. Nf5 Bxf5 14. exf5
Ncd7 15. h3 h6 16. Bd2 d5 17. Nh2 Bd6 18. Ng4 Kh7 19. Nxf6+ Nxf6 20. g4 e4 21.
Be3 Nd7 22. d4 g6 23. fxg6+ fxg6 24. Qd2 g5 25. f3 Nf6 26. Rf1 Kh8 27. fxe4
Nxe4 28. Bxe4 Rxe4 29. Rf6 Bf8 30. Qf2 Bg7 31. Rf7 Rd7 32. Rf3 Rde7 33. Rf1 Qd6
34. Qd2 Qe6 35. Bf2 Re2 36. Qd3 Qe4 37. Qxe4 dxe4 38. Rf5 Rxb2 39. Bg3 Kg8 40.
Be5 Rxa2 41. Bd6 Rd7 42. Be5 Rc2 0-1

[Event "Frankfurt Ch A 2016"]
[Site "Ffm-Höchst, BiKuZ"]
[Date "2016.06.13"]
[Round "7.17"]
[White "Winand, Edgar"]
[Black "Rutsatz, Mario"]
[Result "0-1"]
[WhiteElo "1828"]
[BlackElo "1900"]
[PlyCount "110"]
[EventDate "2016.??.??"]
[WhiteTeam "SC Flörsheim"]
[BlackTeam "SF Frankfurt"]

1. Nf3 d6 2. g3 g6 3. Bg2 Bg7 4. O-O Nf6 5. d3 c5 6. e4 Nc6 7. h3 O-O 8. c3 Rb8
9. Be3 b5 10. Nbd2 b4 11. Qc2 Bd7 12. Nc4 Ne8 13. Nfd2 Nc7 14. a4 Qc8 15. Kh2
Qa6 16. f4 f5 17. Bf3 Na5 18. Nxa5 Qxa5 19. d4 bxc3 20. bxc3 cxd4 21. cxd4 Ne6
22. e5 Rfc8 23. Nc4 Qa6 24. Bd5 Kh8 25. Rfb1 Rxb1 26. Rxb1 Nd8 27. Qa2 Bf8 28.
Rc1 e6 29. Bg2 d5 30. Nd6 Rxc1 31. Bxc1 Qxa4 32. Qb2 Be7 33. Qb8 Kg7 34. Qc7
Qc6 35. Ne8+ Kf8 36. Qxc6 Nxc6 37. Nc7 Nxd4 38. Bb2 Nb5 39. Na6 Ke8 40. Bf1 Kd8
41. Bc1 Kc8 42. Bd2 Kb7 43. Nb4 a5 44. Na2 Kb6 45. Kg2 Bc5 46. Bd3 Na3 47. Kf1
Bb5 48. Nc1 Nc4 49. Bc3 a4 50. Ke2 Na5 51. Na2 Nc6 52. Kd2 Bxd3 53. Kxd3 Kb5
54. Nc1 a3 55. Kc2 Kc4 0-1

[Event "Frankfurt Ch A 2016"]
[Site "Ffm-Höchst, BiKuZ"]
[Date "2016.06.13"]
[Round "7.18"]
[White "Zimpfer, Andreas"]
[Black "Rennhack, Peer"]
[Result "1-0"]
[WhiteElo "1894"]
[BlackElo "1835"]
[PlyCount "99"]
[EventDate "2016.??.??"]
[WhiteTeam "SC Matt im Park"]
[BlackTeam "Frankfurter TV"]

1. d4 Nf6 2. c4 d6 3. Nc3 g6 4. e4 Bg7 5. f3 O-O 6. Be3 Nbd7 7. Nge2 c5 8. d5
Ne5 9. Ng3 a6 10. Be2 h5 11. O-O Nh7 12. Qc2 e6 13. a4 f5 14. exf5 exf5 15. Nh1
f4 16. Bd2 Bf5 17. Ne4 Bxe4 18. Qxe4 Ng5 19. Qc2 Qd7 20. Nf2 Rae8 21. Rae1 Re7
22. Nd3 Qf5 23. Qb3 Nxd3 24. Bxd3 Bd4+ 25. Kh1 Rxe1 26. Rxe1 Qf7 27. Qc2 Kh7
28. Bc3 Bxc3 29. Qxc3 Re8 30. h4 Rxe1+ 31. Qxe1 Nxf3 32. gxf3 Qf6 33. Qf2 Kg7
34. Kg2 Kh6 35. Kh3 Qe7 36. Qe2 Qf6 37. Qe6 Kg7 38. Qxf6+ Kxf6 39. Kg2 a5 40.
Kf2 Kg7 41. Bf1 Kf6 42. Ke2 g5 43. hxg5+ Kxg5 44. Kd3 Kh4 45. Ke4 Kg3 46. Be2
h4 47. Bf1 b6 48. b3 Kf2 49. Bh3 Kg3 50. Bd7 1-0

[Event "Frankfurt Ch A 2016"]
[Site "Ffm-Höchst, BiKuZ"]
[Date "2016.06.13"]
[Round "7.19"]
[White "Roggensack, Hans Peter"]
[Black "Milov, Leonid"]
[Result "1/2-1/2"]
[WhiteElo "1992"]
[BlackElo "2417"]
[PlyCount "67"]
[EventDate "2016.??.??"]
[WhiteTeam "SF Frankfurt"]
[BlackTeam "SC Noris-Tarrasch Nürnberg"]

1. e4 c5 2. Nf3 e6 3. c3 d5 4. exd5 exd5 5. d4 Nc6 6. Bb5 Bd6 7. dxc5 Bxc5 8.
O-O Nf6 9. Bg5 Be6 10. Nbd2 O-O 11. Nb3 Bb6 12. Nbd4 Nxd4 13. Nxd4 h6 14. Bh4
g5 15. Bg3 Ne4 16. Be5 Bc8 17. Nc2 a6 18. Ba4 Nc5 19. Bb3 Nxb3 20. axb3 Re8 21.
Bd4 Bc7 22. Qh5 Qd6 23. Ne3 Re4 24. f4 gxf4 25. Nxd5 Bd8 26. g3 Qg6 27. Qxg6+
fxg6 28. Rae1 Bf5 29. Nxf4 Rxe1 30. Rxe1 Kf7 31. b4 Bg5 32. h4 Bxf4 33. gxf4
Re8 34. Rxe8 1/2-1/2

[Event "Frankfurt Ch A 2016"]
[Site "Ffm-Höchst, BiKuZ"]
[Date "2016.06.13"]
[Round "7.20"]
[White "Gutacker, Stephan"]
[Black "Thomele, Michael"]
[Result "1/2-1/2"]
[WhiteElo "1777"]
[BlackElo "1885"]
[PlyCount "99"]
[EventDate "2016.??.??"]
[WhiteTeam "Sfr. Kelkheim"]
[BlackTeam "SC Obernau"]

1. e4 e5 2. Nf3 Nc6 3. d4 exd4 4. Nxd4 Bc5 5. Nb3 Bb6 6. Nc3 d6 7. Qe2 Nge7 8.
Be3 Be6 9. O-O-O Qd7 10. h3 O-O-O 11. f4 f6 12. Nc5 Bxc5 13. Bxc5 Qe8 14. Be3
Qf7 15. b3 Kb8 16. f5 Bc8 17. Qf2 b6 18. Bc4 Qf8 19. Qe2 Ne5 20. Ba6 Bb7 21. a4
N7c6 22. Nd5 Qe8 23. Bb5 Qf7 24. Kb2 a5 25. Qf2 Nd7 26. Bc4 Qe8 27. c3 Nce5 28.
Be2 Nc6 29. Bd3 Nce5 30. Be2 Nc5 31. Bxc5 dxc5 32. c4 Nc6 33. Bf3 Qe5+ 34. Nc3
Rd4 35. Rxd4 Nxd4 36. Rc1 Re8 37. Ka2 Qf4 38. Re1 Qe5 39. Nd5 Nxf5 40. Rd1 Nd4
41. Qh4 h6 42. Qg4 Bxd5 43. cxd5 Nc2 44. Qxg7 Qc3 45. d6 Nb4+ 46. Ka3 Nc2+ 47.
Ka2 cxd6 48. Qd7 Nb4+ 49. Ka3 Nc2+ 50. Ka2 1/2-1/2

[Event "Frankfurt Ch A 2016"]
[Site "Ffm-Höchst, BiKuZ"]
[Date "2016.06.13"]
[Round "7.21"]
[White "Kretner, Georg-Ulrich"]
[Black "Rauscher, Joachim"]
[Result "0-1"]
[WhiteElo "1880"]
[BlackElo "1697"]
[PlyCount "94"]
[EventDate "2016.??.??"]
[WhiteTeam "SC Bad Nauheim"]
[BlackTeam "SC Brett vorm Kopp"]

1. d4 d5 2. c4 e6 3. Nc3 Nf6 4. Bg5 Be7 5. Nf3 O-O 6. Qc2 h6 7. h4 b6 8. Bxf6
Bxf6 9. g4 g6 10. O-O-O Bb7 11. Kb1 Nc6 12. g5 hxg5 13. h5 Kg7 14. hxg6 fxg6
15. cxd5 Nb4 16. Qe4 Nxd5 17. Qxe6 Nxc3+ 18. bxc3 Bd5 19. Qh3 Rh8 20. Qxh8+
Qxh8 21. Rxh8 Rxh8 22. Nd2 Re8 23. e3 g4 24. Bd3 Bh4 25. e4 Bf7 26. Rf1 g5 27.
f4 gxf4 28. Rxf4 Be6 29. d5 Bg5 30. Rf2 Bd7 31. Nf1 Rf8 32. Rxf8 Kxf8 33. e5
Bf4 34. e6 Be8 35. Kc2 Ba4+ 36. Kb2 g3 37. Be4 Bb5 38. Bg2 Ke7 39. Kc2 Bc4 40.
Kd1 Bxa2 41. Ke2 Be5 42. Kd3 Bb1+ 43. Kc4 Bf4 44. Kd4 a5 45. c4 a4 46. Kc3 a3
47. Kb3 a2 0-1

[Event "Frankfurt Ch A 2016"]
[Site "Ffm-Höchst, BiKuZ"]
[Date "2016.06.13"]
[Round "7.22"]
[White "Pabel, Ralph"]
[Black "Merten, Rainer"]
[Result "1-0"]
[WhiteElo "1867"]
[BlackElo "1663"]
[PlyCount "80"]
[EventDate "2016.??.??"]
[WhiteTeam "SK Mainaschaff"]
[BlackTeam "SV Frankfurt Nord"]

1. d4 d5 2. c4 c6 3. e3 Nf6 4. Nc3 e6 5. Qc2 Be7 6. cxd5 exd5 7. Bd3 Bg4 8. f3
Bh5 9. Nge2 Nbd7 10. O-O Bg6 11. e4 dxe4 12. fxe4 Nb6 13. Kh1 O-O 14. a4 a5 15.
Be3 Rc8 16. Rad1 Ng4 17. Bg1 Bg5 18. Nf4 Qc7 19. Nxg6 hxg6 20. Qe2 Nf6 21. Bc2
Rfe8 22. Qf3 Re7 23. Bb3 Rf8 24. e5 Nfd5 25. Bxd5 Nxd5 26. Nxd5 cxd5 27. Qxd5
Rc8 28. Qb5 Re6 29. Qd3 Qc2 30. h3 Rb6 31. Qf3 Qc4 32. d5 Rb3 33. Qxf7+ Kh7 34.
e6 Qe4 35. Rf3 Rxf3 36. Qxf3 Qxf3 37. gxf3 Be7 38. d6 Re8 39. dxe7 Rxe7 40. Rd6
Kg8 1-0

[Event "Frankfurt Ch A 2016"]
[Site "Ffm-Höchst, BiKuZ"]
[Date "2016.06.13"]
[Round "7.23"]
[White "Höche, Alexander"]
[Black "Makilla, Tobias"]
[Result "1/2-1/2"]
[WhiteElo "1276"]
[BlackElo "1864"]
[PlyCount "102"]
[EventDate "2016.??.??"]
[WhiteTeam "vereinslos"]
[BlackTeam "SC Hattersheim"]

1. e4 d5 2. exd5 Nf6 3. Nf3 Nxd5 4. Nc3 Nxc3 5. bxc3 Bg4 6. Bc4 e6 7. d4 Qf6 8.
Be2 h6 9. Rb1 Nd7 10. Rxb7 Bd6 11. O-O O-O 12. c4 Rfb8 13. Rb3 c6 14. c5 Bc7
15. Ba6 Rxb3 16. cxb3 Rd8 17. Be2 Nxc5 18. Qc2 Nd7 19. Qxc6 Bb6 20. Be3 Bxf3
21. Bxf3 Bxd4 22. Bxd4 Qxd4 23. Rd1 Ne5 24. Rxd4 Nxc6 25. Rxd8+ Nxd8 26. Kf1
Kf8 27. Ke2 Ke7 28. Kd3 Kd6 29. Kc4 Kc7 30. Kb5 f6 31. a4 Nf7 32. g3 Ne5 33.
Be2 Nc6 34. Kc5 e5 35. Kd5 Nd4 36. Bd1 Kd7 37. f4 Nc6 38. fxe5 Nxe5 39. Be2 g6
40. b4 h5 41. b5 Nf7 42. a5 Nd6 43. b6 axb6 44. axb6 Nf5 45. Bb5+ Kc8 46. Ba6+
Kb8 47. Ke6 h4 48. gxh4 Nxh4 49. Kxf6 Nf3 50. h3 Ng1 51. Kxg6 Nxh3 1/2-1/2

[Event "Frankfurt Ch A 2016"]
[Site "Ffm-Höchst, BiKuZ"]
[Date "2016.06.13"]
[Round "7.24"]
[White "Ortinau, Peter"]
[Black "Fröhlich-Dill, Astrid"]
[Result "1-0"]
[WhiteElo "1963"]
[BlackElo "1712"]
[PlyCount "97"]
[EventDate "2016.??.??"]
[WhiteTeam "Frankfurter TV"]
[BlackTeam "SV Hofheim"]

1. d4 Nf6 2. c4 e6 3. Nc3 Bb4 4. Qc2 c5 5. dxc5 Qa5 6. Bd2 Qxc5 7. e3 Nc6 8. a3
Bxc3 9. Bxc3 b6 10. Nf3 Bb7 11. Bd3 Qe7 12. O-O h6 13. Rfd1 Rc8 14. b3 O-O 15.
Qb2 Ne8 16. Rd2 a5 17. Rad1 d6 18. Bb1 f5 19. Bd3 e5 20. Be2 f4 21. exf4 Rxf4
22. Ne1 Qf7 23. Bf1 e4 24. Nc2 Ne7 25. g3 Qg6 26. Bg2 Rf7 27. Ne3 Nf5 28. Re2
h5 29. Qc2 Nh6 30. Nd5 Bxd5 31. Rxd5 Nf6 32. Rxd6 Re8 33. Bxf6 Rxf6 34. Rxf6
Qxf6 35. Bxe4 Qa1+ 36. Kg2 Rf8 37. Bd5+ Kh8 38. Qg6 Qf6 39. Qxf6 Rxf6 40. Re6
Ng4 41. Rxf6 Nxf6 42. h4 Kh7 43. Kf3 Kg6 44. Kf4 Ng4 45. f3 Nf2 46. Ke3 Nd1+
47. Kd2 Nf2 48. Ke2 Nh3 49. Be6 1-0

[Event "Frankfurt Ch A 2016"]
[Site "Ffm-Höchst, BiKuZ"]
[Date "2016.06.13"]
[Round "7.25"]
[White "Diehl, Stefan"]
[Black "Krüger, Till"]
[Result "0-1"]
[WhiteElo "1699"]
[BlackElo "1865"]
[PlyCount "56"]
[EventDate "2016.??.??"]
[WhiteTeam "SC Höchst"]
[BlackTeam "SC Nidderau"]

1. f4 d5 2. Nf3 g6 3. e3 Bg7 4. Be2 Nh6 5. O-O O-O 6. Qe1 c6 7. d3 Nf5 8. c3
Qb6 9. d4 Nd6 10. Nbd2 Nd7 11. Bd3 Nf6 12. Ne5 Qc7 13. b3 Bf5 14. Bxf5 Nxf5 15.
g4 Nd6 16. Ba3 Nfe4 17. Bxd6 exd6 18. Nxe4 dxe5 19. Ng3 exd4 20. exd4 Rfe8 21.
Qd2 c5 22. f5 cxd4 23. f6 dxc3 24. Qxd5 Rad8 25. Qg5 h6 26. Qf4 Qc5+ 27. Qf2
Bf8 28. Qxc5 Bxc5+ 0-1

[Event "Frankfurt Ch A 2016"]
[Site "Ffm-Höchst, BiKuZ"]
[Date "2016.06.13"]
[Round "7.26"]
[White "Zimmer, Gerald"]
[Black "Hinz, André"]
[Result "0-1"]
[WhiteElo "1854"]
[BlackElo "1698"]
[PlyCount "96"]
[EventDate "2016.??.??"]
[WhiteTeam "SC Bergen-Enkheim"]
[BlackTeam "SC Brett vorm Kopp"]

1. Nf3 Nc6 2. d4 d6 3. b3 g6 4. Bb2 Bg7 5. Nbd2 Bg4 6. h3 Bxf3 7. Nxf3 f5 8. e3
a6 9. Ng5 Qd7 10. Qc1 e5 11. dxe5 Bxe5 12. Bxe5 Nxe5 13. Be2 h6 14. Nf3 Nf6 15.
Qb2 Qe7 16. Nxe5 Qxe5 17. Qxe5+ dxe5 18. Bf3 O-O-O 19. Rd1 Rxd1+ 20. Kxd1 Rd8+
21. Kc1 g5 22. Rd1 Rxd1+ 23. Kxd1 c6 24. g3 Kc7 25. c4 Kd6 26. Kc2 h5 27. Kc3
g4 28. hxg4 hxg4 29. Bg2 e4 30. Bf1 a5 31. a3 Nh7 32. Be2 Ng5 33. b4 axb4+ 34.
axb4 Nh3 35. c5+ Ke5 36. Bf1 Nxf2 37. Bg2 Kd5 38. Bf1 Nh1 39. Bc4+ Ke5 40. Bf1
Nxg3 41. Bg2 f4 42. exf4+ Kxf4 43. Kd2 e3+ 44. Ke1 Nf5 45. b5 Nd4 46. bxc6 bxc6
47. Bh1 Kg3 48. Be4 Kh2 0-1

[Event "Frankfurt Ch A 2016"]
[Site "Ffm-Höchst, BiKuZ"]
[Date "2016.06.13"]
[Round "7.27"]
[White "Stricker, Konstantin"]
[Black "Vega Lopez de Nava, Cesar Octavi"]
[Result "0-1"]
[WhiteElo "1690"]
[BlackElo "1845"]
[PlyCount "66"]
[EventDate "2016.??.??"]
[WhiteTeam "SC Eschbach"]
[BlackTeam "SV Rüsselsheim"]

1. e4 c5 2. Nf3 d6 3. Bb5+ Bd7 4. Bxd7+ Nxd7 5. O-O Ngf6 6. Re1 Rc8 7. c3 e6 8.
d4 cxd4 9. cxd4 Nb6 10. Nbd2 d5 11. e5 Nfd7 12. b3 Bb4 13. Bb2 Nb8 14. Rc1 Nc6
15. Re2 Qe7 16. Nb1 Qd7 17. Ba3 Bxa3 18. Nxa3 a6 19. Nc2 O-O 20. Qe1 Qe7 21. h3
Rc7 22. Qd1 Rfc8 23. a3 Na5 24. b4 Nac4 25. Qd3 Nb2 26. Qb3 N6a4 27. Nfe1 Rc3
28. Qa2 Rxh3 29. g3 Nc3 30. Qxb2 Nxe2+ 31. Kg2 Rh6 32. Rd1 Qg5 33. Kf1 Qg4 0-1

[Event "Frankfurt Ch A 2016"]
[Site "Ffm-Höchst, BiKuZ"]
[Date "2016.06.13"]
[Round "7.28"]
[White "Heun, Andreas"]
[Black "Grossjohann, Daniel"]
[Result "1/2-1/2"]
[WhiteElo "1662"]
[BlackElo "1838"]
[PlyCount "37"]
[EventDate "2016.??.??"]
[WhiteTeam "SC Ladja Roßdorf"]
[BlackTeam "SC Bad Soden"]

1. e4 c5 2. Nc3 d6 3. f4 Nc6 4. Bb5 Bd7 5. Nf3 a6 6. Bc4 e6 7. a3 h6 8. O-O b5
9. Be2 Qb6 10. Kh1 Nf6 11. d3 O-O-O 12. e5 Nd5 13. Ne4 f5 14. Nc3 Nxc3 15. bxc3
d5 16. Be3 Be7 17. a4 Qb7 18. axb5 axb5 19. Qc1 1/2-1/2

[Event "Frankfurt Ch A 2016"]
[Site "Ffm-Höchst, BiKuZ"]
[Date "2016.06.13"]
[Round "7.29"]
[White "Menning, Uwe"]
[Black "Varma, Christopher"]
[Result "1/2-1/2"]
[WhiteElo "1837"]
[BlackElo "1655"]
[PlyCount "151"]
[EventDate "2016.??.??"]
[WhiteTeam "FC Bierstadt"]
[BlackTeam "SC Bad Nauheim"]

1. d4 Nf6 2. Nf3 g6 3. Bg5 Bg7 4. e3 O-O 5. Be2 d6 6. O-O Qe8 7. c3 e5 8. Qb3
Nc6 9. Na3 Kh8 10. Bb5 Bd7 11. Bxf6 Bxf6 12. Bxc6 bxc6 13. dxe5 dxe5 14. Qc2
Bg7 15. Rfd1 f5 16. Nc4 e4 17. Nd4 c5 18. Nb3 Ba4 19. Rd5 Qb5 20. Na3 Qb6 21.
Qe2 Rfd8 22. Nc4 Qb7 23. Rxd8+ Rxd8 24. Rd1 Rxd1+ 25. Qxd1 Bf8 26. Nxc5 Bxd1
27. Nxb7 Kg7 28. Kf1 Bc2 29. Ke1 Bb1 30. a3 Kf6 31. Nba5 Bd3 32. Nd2 Ke6 33.
Nc6 Bc5 34. b4 Bb6 35. c4 Kd6 36. Nd8 c5 37. Nf7+ Ke7 38. Ne5 Bc2 39. Nf1 Kd6
40. Kd2 Ba4 41. Nf7+ Ke7 42. Ng5 h6 43. Nh3 cxb4 44. axb4 g5 45. Ng1 Bc7 46.
Ne2 a6 47. Nc3 Bc6 48. b5 Bb7 49. bxa6 Bxa6 50. Nd5+ Kd6 51. Kc3 Bb8 52. Ng3
Bc8 53. Ne2 Be6 54. Nb6 Kc5 55. Na4+ Kd6 56. g3 Ba7 57. Nd4 Bd7 58. Nb5+ Bxb5
59. cxb5 Ke5 60. b6 Bb8 61. Kc4 f4 62. Nc5 fxe3 63. fxe3 Bd6 64. b7 h5 65. h3
Kf5 66. g4+ hxg4 67. hxg4+ Kxg4 68. Nxe4 Bb8 69. Kd5 Kf5 70. Nf2 g4 71. e4+ Kf4
72. e5 g3 73. Nh3+ Kf5 74. e6 Kf6 75. Ng1 Ke7 76. Nf3 1/2-1/2